[Event "GBR-ch75"]
[Site "Blackpool"]
[Date "1988.08.09"]
[Round "8.10"]
[White "Plaskett, H James"]
[Black "Wells, Peter K"]
[Result "1-0"]
[WhiteElo "2450"]
[BlackElo "2410"]
[PlyCount "69"]
[EventDate "1988.08.01"]
[EventType "swiss"]
[EventRounds "11"]
[EventCountry "GBR"]
[SourceTitle "BritBase12Sep20"]
[Source "John Saunders"]
[SourceDate "2020.09.12"]
[SourceVersion "1"]
[SourceVersionDate "2020.09.12"]
[SourceQuality "1"]

1. Nf3 Nf6 2. c4 e6 3. d4 b6 4. a3 Ba6 5. Qc2 Bb7 6. Nc3 c5 7. e3 Bxf3 8. gxf3
cxd4 9. exd4 Nc6 10. Be3 Rc8 11. Bd3 g6 12. Rd1 Bg7 13. f4 O-O 14. h4 d5 15. h5
dxc4 16. Bxc4 Ne7 17. Bd3 Nxh5 18. Rxh5 gxh5 19. Bxh7+ Kh8 20. Be4 f5 21. Bf3
Rf6 22. Qa4 Rg6 23. Ke2 Qc7 24. Bxh5 Rh6 25. Bf3 Ng6 26. d5 exd5 27. Rxd5 Rh4
28. Rxf5 Qc4+ 29. Qxc4 Rxc4 30. Kd3 Rc8 31. Rf7 Bh6 32. Bd4+ Kg8 33. Bd5 Rh3+
34. f3 Rxf3+ 35. Ke4 1-0

[Event "GBR-ch75"]
[Site "Blackpool"]
[Date "1988.08.09"]
[Round "8.11"]
[White "Kwiatkowski, Feliks J"]
[Black "Bellin, Robert"]
[Result "0-1"]
[WhiteElo "2240"]
[BlackElo "2370"]
[PlyCount "134"]
[EventDate "1988.08.01"]
[EventType "swiss"]
[EventRounds "11"]
[EventCountry "GBR"]
[SourceTitle "BritBase12Sep20"]
[Source "John Saunders"]
[SourceDate "2020.09.12"]
[SourceVersion "1"]
[SourceVersionDate "2020.09.12"]
[SourceQuality "1"]

1. e4 e5 2. Nf3 Nc6 3. Bb5 a6 4. Ba4 Nf6 5. O-O d6 6. c3 Bd7 7. Re1 Be7 8. d4
O-O 9. Nbd2 Re8 10. Nf1 h6 11. Ng3 Bf8 12. h3 g6 13. Bc2 Bg7 14. Be3 Qe7 15.
Qd2 Qf8 16. b4 b6 17. Rab1 a5 18. a3 axb4 19. axb4 Ra2 20. Qc1 Kh7 21. d5 Ne7
22. Bb3 Raa8 23. c4 Reb8 24. c5 bxc5 25. bxc5 Ne8 26. cxd6 cxd6 27. Ne2 f5 28.
Nc3 Nf6 29. exf5 gxf5 30. Bc4 Rc8 31. Nd2 f4 32. Bb6 Nfxd5 33. Nxd5 Nxd5 34.
Qd1 Nf6 35. Qb3 Kh8 36. Ne4 Nxe4 37. Rxe4 Bf5 38. Bd5 Rab8 39. Rbe1 Bxe4 40.
Rxe4 Rc1+ 41. Kh2 Qc8 42. Ra4 Qc2 43. Qxc2 Rxc2 44. Be4 Rc1 45. Ra6 Bf8 46. g3
Re1 47. Bd5 Rd1 48. Be6 fxg3+ 49. Kxg3 Kg7 50. Bc7 Rb7 51. Rc6 Kf6 52. Bc8 Rb3+
53. Kh4 Rdd3 54. Bg4 Rbc3 55. Bd8+ Be7 56. Bxe7+ Kxe7 57. Ra6 Ra3 58. Rb6 Rab3
59. Ra6 Rb7 60. Kh5 Rdb3 61. Kxh6 R3b6 62. Ra3 Rb3 63. Ra6 Rb2 64. f3 R2b6 65.
Ra4 Kf6 66. f4 Rb8 67. fxe5+ dxe5 0-1

[Event "GBR-ch75"]
[Site "Blackpool"]
[Date "1988.08.09"]
[Round "8.12"]
[White "Coleman, David J"]
[Black "Lane, Gary William"]
[Result "0-1"]
[WhiteElo "2240"]
[BlackElo "2410"]
[PlyCount "74"]
[EventDate "1988.08.01"]
[EventType "swiss"]
[EventRounds "11"]
[EventCountry "GBR"]
[SourceTitle "BritBase12Sep20"]
[Source "John Saunders"]
[SourceDate "2020.09.12"]
[SourceVersion "1"]
[SourceVersionDate "2020.09.12"]
[SourceQuality "1"]

1. e4 e5 2. Nf3 Nc6 3. Bb5 a6 4. Ba4 Nf6 5. d4 exd4 6. O-O Be7 7. Re1 b5 8. Bb3
d6 9. Bd5 Nxd5 10. exd5 Ne5 11. Nxd4 O-O 12. c4 bxc4 13. f4 c5 14. fxe5 cxd4
15. Qxd4 dxe5 16. Qxc4 Bb7 17. Nc3 Bd6 18. Be3 f5 19. Rad1 Qe7 20. b4 Rac8 21.
Qb3 Kh8 22. a3 e4 23. Bd4 Qh4 24. h3 Qg3 25. Qb2 Rf7 26. Qd2 Rc4 27. Kf1 Kg8
28. Nb1 f4 29. Rxe4 f3 30. Re8+ Bf8 31. Bc5 Rcf4 32. Rxf8+ Rxf8 33. Bxf8 Rxf8
34. Kg1 f2+ 35. Kf1 Qh2 36. Ke2 f1=Q+ 37. Rxf1 Qxg2+ 0-1

[Event "GBR-ch75"]
[Site "Blackpool"]
[Date "1988.08.09"]
[Round "8.15"]
[White "Hebden, Mark L"]
[Black "Walker, David"]
[Result "1-0"]
[WhiteElo "2460"]
[BlackElo "2285"]
[PlyCount "57"]
[EventDate "1988.08.01"]
[EventType "swiss"]
[EventRounds "11"]
[EventCountry "GBR"]
[SourceTitle "BritBase12Sep20"]
[Source "John Saunders"]
[SourceDate "2020.09.12"]
[SourceVersion "1"]
[SourceVersionDate "2020.09.12"]
[SourceQuality "1"]

1. e4 e6 2. d4 d5 3. Nc3 Bb4 4. Qd3 dxe4 5. Qxe4 Nf6 6. Qh4 b6 7. Nf3 Bb7 8.
Bb5+ Nc6 9. O-O Bxc3 10. bxc3 a6 11. Bd3 Qd5 12. c4 Qh5 13. Qxh5 Nxh5 14. d5
Nd8 15. Re1 O-O 16. Ng5 h6 17. Nh7 Re8 18. g4 g6 19. gxh5 Kxh7 20. hxg6+ fxg6
21. Re3 Nf7 22. dxe6 Ng5 23. e7 Nf3+ 24. Kf1 Nxh2+ 25. Ke2 c5 26. Bb2 Bf3+ 27.
Kd2 Ra7 28. Rg1 Bg4 29. Be5 1-0

[Event "GBR-ch75"]
[Site "Blackpool"]
[Date "1988.08.09"]
[Round "8.16"]
[White "Cooper, Lawrence"]
[Black "Gallagher, Joseph G"]
[Result "0-1"]
[WhiteElo "2335"]
[BlackElo "2445"]
[PlyCount "70"]
[EventDate "1988.08.01"]
[EventType "swiss"]
[EventRounds "11"]
[EventCountry "GBR"]
[SourceTitle "BritBase12Sep20"]
[Source "John Saunders"]
[SourceDate "2020.09.12"]
[SourceVersion "1"]
[SourceVersionDate "2020.09.12"]
[SourceQuality "1"]

1. e4 c5 2. Nf3 e6 3. d4 cxd4 4. Nxd4 Nf6 5. Nc3 Nc6 6. Nxc6 bxc6 7. Bd3 d5 8.
O-O Be7 9. Qf3 O-O 10. h3 Bb7 11. exd5 cxd5 12. Qg3 Bd6 13. f4 Qb6+ 14. Kh1 d4
15. Nb5 Be7 16. Qf2 Rfd8 17. b3 Ne4 18. Qe1 Nc5 19. Na3 Nxd3 20. cxd3 Bxa3 21.
Bxa3 Qa6 22. Bb2 Qxd3 23. Kh2 Rac8 24. Qg3 Rc2 25. Rf2 Qxg3+ 26. Kxg3 d3 27.
Rd1 d2 28. Ba3 Rd3+ 29. Kh2 a5 30. Be7 f6 31. b4 Kf7 32. Bc5 Bc6 33. Re2 Ba4
34. Be3 Rxe3 35. Rxe3 Rxa2 0-1

[Event "GBR-ch75"]
[Site "Blackpool"]
[Date "1988.08.09"]
[Round "8.17"]
[White "Mortazavi, Ali"]
[Black "Pritchett, Craig William"]
[Result "1-0"]
[WhiteElo "2290"]
[BlackElo "2400"]
[PlyCount "71"]
[EventDate "1988.08.01"]
[EventType "swiss"]
[EventRounds "11"]
[EventCountry "GBR"]
[SourceTitle "BritBase12Sep20"]
[Source "John Saunders"]
[SourceDate "2020.09.12"]
[SourceVersion "1"]
[SourceVersionDate "2020.09.12"]
[SourceQuality "1"]

1. d4 Nf6 2. Nc3 d5 3. Bg5 Nbd7 4. Nf3 h6 5. Bh4 e6 6. e3 c5 7. Bd3 c4 8. Be2
Bb4 9. Nd2 Bxc3 10. bxc3 Qa5 11. O-O Qxc3 12. Bg3 O-O 13. Bd6 Re8 14. Rb1 Qa5
15. e4 c3 16. Nb3 Qd8 17. e5 Ne4 18. Ba3 Nb6 19. f3 Nd2 20. Nxd2 cxd2 21. Qxd2
Nc4 22. Qc3 Nxa3 23. Qxa3 b6 24. f4 Bd7 25. Qh3 Rc8 26. Bd3 f5 27. g4 Rf8 28.
Kh1 Rc3 29. Rf3 Kh8 30. Rg1 Be8 31. Rfg3 Bg6 32. gxf5 Rxd3 33. cxd3 Bxf5 34.
Qg2 Rf7 35. Rxg7 Qe7 36. Rg8+ 1-0

[Event "GBR-ch75"]
[Site "Blackpool"]
[Date "1988.08.09"]
[Round "8.18"]
[White "Cooper, John G"]
[Black "Burgess, Graham"]
[Result "1-0"]
[WhiteElo "2380"]
[BlackElo "2250"]
[PlyCount "87"]
[EventDate "1988.08.01"]
[EventType "swiss"]
[EventRounds "11"]
[EventCountry "GBR"]
[SourceTitle "BritBase12Sep20"]
[Source "John Saunders"]
[SourceDate "2020.09.12"]
[SourceVersion "1"]
[SourceVersionDate "2020.09.12"]
[SourceQuality "1"]

1. d4 Nf6 2. c4 g6 3. Nc3 Bg7 4. e4 d6 5. Nf3 O-O 6. Be2 Bg4 7. Be3 Nfd7 8. Rc1
e5 9. d5 f5 10. Ng5 Bxe2 11. Qxe2 Nc5 12. f3 Bh6 13. h4 Nba6 14. Nf7 Rxf7 15.
Bxh6 Qf6 16. Be3 Rb8 17. Rb1 fxe4 18. fxe4 Rbf8 19. b4 Nd7 20. Kd2 Kg7 21. a3
Qd8 22. h5 g5 23. Rbf1 h6 24. Rxf7+ Rxf7 25. Rf1 c5 26. Rxf7+ Kxf7 27. Qg4 Nf6
28. Qe6+ Kg7 29. bxc5 Nxc5 30. Bxc5 dxc5 31. Qxe5 Qb6 32. d6 Qd8 33. Nd5 Qxd6
34. Qb2 Qd8 35. Qxb7+ Kh8 36. Qb2 Kg7 37. Kd3 Kf7 38. Qb7+ Kf8 39. Qc6 Nxd5 40.
Qxh6+ Kg8 41. exd5 Qa5 42. Qxg5+ Kh7 43. Qg6+ Kh8 44. h6 1-0

[Event "GBR-ch75"]
[Site "Blackpool"]
[Date "1988.08.09"]
[Round "8.22"]
[White "Pein, Malcolm"]
[Black "Upton, Timothy J"]
[Result "1-0"]
[WhiteElo "2410"]
[BlackElo "2265"]
[PlyCount "83"]
[EventDate "1988.08.01"]
[EventType "swiss"]
[EventRounds "11"]
[EventCountry "GBR"]
[SourceTitle "BritBase12Sep20"]
[Source "John Saunders"]
[SourceDate "2020.09.12"]
[SourceVersion "1"]
[SourceVersionDate "2020.09.12"]
[SourceQuality "1"]

1. e4 e5 2. Nf3 Nc6 3. Bb5 a6 4. Bxc6 dxc6 5. O-O f6 6. d4 Bg4 7. dxe5 Qxd1 8.
Rxd1 Bxf3 9. gxf3 fxe5 10. Rd3 Bd6 11. Be3 Ne7 12. Nd2 b5 13. Kf1 Rf8 14. a4
Ng6 15. c4 b4 16. Rd1 O-O-O 17. Nb3 Rxf3 18. c5 Be7 19. Rxd8+ Bxd8 20. Na5 Ne7
21. Rc1 Kd7 22. Rd1+ Kc8 23. Rd3 g5 24. Rb3 Kd7 25. Nb7 Kc8 26. Rxb4 h6 27. Na5
Rh3 28. Kg1 Kd7 29. Rb3 Ng6 30. Rd3+ Ke8 31. Nxc6 Bf6 32. Nb4 Nh4 33. Nxa6 Bd8
34. c6 Nf3+ 35. Kf1 g4 36. Rd7 Rxh2 37. Nxc7+ Bxc7 38. Rxc7 Rh1+ 39. Ke2 Re1+
40. Kd3 Rd1+ 41. Kc2 Rd6 42. a5 1-0

[Event "GBR-ch75"]
[Site "Blackpool"]
[Date "1988.08.10"]
[Round "9.1"]
[White "Flear, Glenn C"]
[Black "Mestel, A Jonathan"]
[Result "1-0"]
[WhiteElo "2470"]
[BlackElo "2510"]
[PlyCount "67"]
[EventDate "1988.08.01"]
[EventType "swiss"]
[EventRounds "11"]
[EventCountry "GBR"]
[SourceTitle "BritBase12Sep20"]
[Source "John Saunders"]
[SourceDate "2020.09.12"]
[SourceVersion "1"]
[SourceVersionDate "2020.09.12"]
[SourceQuality "1"]

1. d4 Nf6 2. c4 d6 3. Nf3 g6 4. Nc3 Bf5 5. Qb3 Qc8 6. h3 h5 7. Nh4 Bd7 8. e4 e5
9. Nf3 exd4 10. Nxd4 Bg7 11. Be3 Nc6 12. O-O-O O-O 13. f3 Rb8 14. g4 h4 15. Qc2
Re8 16. Qf2 Nxd4 17. Bxd4 c5 18. Be3 d5 19. exd5 a6 20. Bxc5 b5 21. cxb5 axb5
22. Bb4 Qc7 23. d6 Qb7 24. Kb1 Bc6 25. Bg2 Nd7 26. Rhg1 Ne5 27. f4 Nf3 28. Bxf3
Bxf3 29. Rde1 Red8 30. Re7 Qa8 31. f5 g5 32. Ra7 Qc6 33. Rc7 Qa8 34. f6 1-0

[Event "GBR-ch75"]
[Site "Blackpool"]
[Date "1988.08.10"]
[Round "9.2"]
[White "Pigott, John C"]
[Black "Hodgson, Julian M"]
[Result "0-1"]
[WhiteElo "2365"]
[BlackElo "2525"]
[PlyCount "102"]
[EventDate "1988.08.01"]
[EventType "swiss"]
[EventRounds "11"]
[EventCountry "GBR"]
[SourceTitle "BritBase12Sep20"]
[Source "John Saunders"]
[SourceDate "2020.09.12"]
[SourceVersion "1"]
[SourceVersionDate "2020.09.12"]
[SourceQuality "1"]

1. d4 d6 2. e4 Nf6 3. Nc3 g6 4. Nf3 Bg7 5. Be2 O-O 6. O-O Bg4 7. Be3 Nc6 8. Qd2
d5 9. exd5 Nb4 10. h3 Bf5 11. Rac1 Nbxd5 12. Nxd5 Nxd5 13. Bh6 Qd6 14. c4 Bxh6
15. Qxh6 Qf4 16. Ng5 Nf6 17. Rfd1 Rad8 18. d5 Qe5 19. Rd2 c6 20. Nf3 Qc7 21.
dxc6 Qxc6 22. Nd4 Qc5 23. Nxf5 Qxf5 24. Rcd1 Rxd2 25. Qxd2 Rc8 26. Qe3 Qc2 27.
Qd2 Qf5 28. b3 Kg7 29. Bf3 b6 30. Qb2 Rc5 31. Rd5 Rxd5 32. Bxd5 h5 33. Bf3 e5
34. b4 h4 35. Be2 Qf4 36. Qc2 Qd4 37. c5 bxc5 38. bxc5 Ne4 39. c6 Qxf2+ 40. Kh2
Ng3 41. Bd3 Qf4 42. Kg1 Qd4+ 43. Kh2 e4 44. Bxe4 Nxe4 45. c7 Qe5+ 46. g3 Qxg3+
47. Kh1 Qxh3+ 48. Kg1 Qg3+ 49. Kf1 Qf3+ 50. Kg1 Qe3+ 51. Kf1 Nd2+ 0-1

[Event "GBR-ch75"]
[Site "Blackpool"]
[Date "1988.08.10"]
[Round "9.4"]
[White "Murshed, Niaz"]
[Black "Kosten, Anthony C"]
[Result "1-0"]
[WhiteElo "2475"]
[BlackElo "2510"]
[PlyCount "69"]
[EventDate "1988.08.01"]
[EventType "swiss"]
[EventRounds "11"]
[EventCountry "GBR"]
[SourceTitle "BritBase12Sep20"]
[Source "John Saunders"]
[SourceDate "2020.09.12"]
[SourceVersion "1"]
[SourceVersionDate "2020.09.12"]
[SourceQuality "1"]

1. d4 Nf6 2. c4 e6 3. Nc3 Bb4 4. f3 c5 5. d5 Nh5 6. g3 f5 7. e4 f4 8. Nge2 e5
9. Bh3 O-O 10. d6 Nc6 11. O-O Bxc3 12. bxc3 b6 13. gxf4 Nxf4 14. Bxf4 exf4 15.
Kh1 Ba6 16. Qd5+ Kh8 17. Rg1 Na5 18. Qh5 Bxc4 19. Bf5 Rxf5 20. exf5 Bxe2 21.
Rae1 Bc4 22. Rxg7 Kxg7 23. Re7+ Qxe7 24. dxe7 Bf7 25. Qg5+ Kh8 26. Qf6+ Kg8 27.
Qg5+ Kh8 28. Qf6+ Kg8 29. Qh6 Bd5 30. f6 Bxf3+ 31. Kg1 Kf7 32. Qg7+ Ke6 33. f7
Kxe7 34. f8=Q+ Ke6 35. Qff7+ 1-0

[Event "GBR-ch75"]
[Site "Blackpool"]
[Date "1988.08.10"]
[Round "9.5"]
[White "Watson, William N"]
[Black "Motwani, Paul"]
[Result "1/2-1/2"]
[WhiteElo "2500"]
[BlackElo "2455"]
[PlyCount "61"]
[EventDate "1988.08.01"]
[EventType "swiss"]
[EventRounds "11"]
[EventCountry "GBR"]
[SourceTitle "BritBase12Sep20"]
[Source "John Saunders"]
[SourceDate "2020.09.12"]
[SourceVersion "1"]
[SourceVersionDate "2020.09.12"]
[SourceQuality "1"]

1. e4 e5 2. Nf3 Nc6 3. Bb5 a6 4. Ba4 Nf6 5. O-O Be7 6. Re1 b5 7. Bb3 O-O 8. c3
d5 9. exd5 Nxd5 10. Nxe5 Nxe5 11. Rxe5 c6 12. d4 Bd6 13. Re2 Bc7 14. Bc2 Qd6
15. g3 Bg4 16. f3 Bh5 17. Nd2 f5 18. a4 Rab8 19. axb5 axb5 20. Qe1 Qd7 21. Qf2
Bd6 22. Nf1 Bf7 23. Bd2 b4 24. c4 b3 25. Bd3 Nb4 26. Bxb4 Rxb4 27. Nd2 Rd8 28.
f4 Bh5 29. Re3 Bf8 30. Be2 Qxd4 31. Bxh5 1/2-1/2

[Event "GBR-ch75"]
[Site "Blackpool"]
[Date "1988.08.10"]
[Round "9.6"]
[White "Bellin, Robert"]
[Black "Conquest, Stuart"]
[Result "1-0"]
[WhiteElo "2370"]
[BlackElo "2490"]
[PlyCount "123"]
[EventDate "1988.08.01"]
[EventType "swiss"]
[EventRounds "11"]
[EventCountry "GBR"]
[SourceTitle "BritBase12Sep20"]
[Source "John Saunders"]
[SourceDate "2020.09.12"]
[SourceVersion "1"]
[SourceVersionDate "2020.09.12"]
[SourceQuality "1"]

1. e4 c5 2. Nf3 e6 3. b3 a6 4. Bb2 Nc6 5. Be2 d6 6. d4 cxd4 7. Nxd4 e5 8. Nxc6
bxc6 9. c4 Nf6 10. Nc3 Be7 11. O-O O-O 12. Qc2 Be6 13. Rad1 Qc7 14. Na4 Rfd8
15. Rfe1 Nd7 16. h3 a5 17. Bg4 Rab8 18. Bc3 Nf8 19. Qd2 Ra8 20. Qb2 f6 21.
Bxe6+ Nxe6 22. Qe2 Bf8 23. g3 Ra7 24. Rd3 Re8 25. Red1 Qf7 26. Kh2 g6 27. R3d2
f5 28. exf5 Qxf5 29. Qg4 Qxg4 30. hxg4 Ng5 31. Re2 e4 32. Kg2 Re6 33. Bd4 Rd7
34. Be3 Nf3 35. Nc5 dxc5 36. Rxd7 Bd6 37. Bf4 Bf8 38. Rd8 g5 39. Bc1 Kf7 40.
Bb2 Be7 41. Rh8 h6 42. Rh7+ Kg8 43. Rh8+ Kf7 44. Bc3 Bf8 45. Rh7+ Kg6 46. Rd7
h5 47. Rd8 Bh6 48. Bxa5 hxg4 49. Bc3 Kf5 50. a4 Re7 51. a5 Bg7 52. Bxg7 Rxg7
53. Rd1 Rh7 54. Rh1 Ra7 55. Ra2 Ke5 56. Rd1 Rh7 57. a6 Ra7 58. Ra5 e3 59. Ra2
exf2 60. Kxf2 Rh7 61. Ke3 Ra7 62. Ra5 1-0

[Event "GBR-ch75"]
[Site "Blackpool"]
[Date "1988.08.10"]
[Round "9.7"]
[White "Lane, Gary William"]
[Black "Plaskett, H James"]
[Result "1-0"]
[WhiteElo "2410"]
[BlackElo "2450"]
[PlyCount "61"]
[EventDate "1988.08.01"]
[EventType "swiss"]
[EventRounds "11"]
[EventCountry "GBR"]
[SourceTitle "BritBase12Sep20"]
[Source "John Saunders"]
[SourceDate "2020.09.12"]
[SourceVersion "1"]
[SourceVersionDate "2020.09.12"]
[SourceQuality "1"]

1. e4 d6 2. d4 g6 3. Nc3 Bg7 4. Be3 Nc6 5. Qd2 Nf6 6. f3 a6 7. O-O-O e5 8. Nge2
O-O 9. g4 exd4 10. Nxd4 Re8 11. Nxc6 bxc6 12. Bg5 Rb8 13. h4 d5 14. Bc4 Qd6 15.
Bb3 Bb7 16. h5 Nd7 17. hxg6 hxg6 18. Bf4 Ne5 19. Qh2 g5 20. Qh7+ Kf8 21. Bxg5
Nxf3 22. Be3 Qf6 23. Bc5+ Re7 24. Qf5 d4 25. Ne2 Rd8 26. Qxf6 Bxf6 27. Rdf1
Bg5+ 28. Kd1 Nh4 29. Rxf7+ Ke8 30. Bxe7 Bxe7 31. Rxe7+ {Source: BCM, January
1989, p17} 1-0

[Event "GBR-ch75"]
[Site "Blackpool"]
[Date "1988.08.10"]
[Round "9.9"]
[White "McNab, Colin Anderson"]
[Black "Norwood, David"]
[Result "1/2-1/2"]
[WhiteElo "2410"]
[BlackElo "2470"]
[PlyCount "89"]
[EventDate "1988.08.01"]
[EventType "swiss"]
[EventRounds "11"]
[EventCountry "GBR"]
[SourceTitle "BritBase12Sep20"]
[Source "John Saunders"]
[SourceDate "2020.09.12"]
[SourceVersion "1"]
[SourceVersionDate "2020.09.12"]
[SourceQuality "1"]

1. e4 e6 2. d4 d5 3. Nc3 Bb4 4. Nge2 dxe4 5. a3 Be7 6. Nxe4 Nf6 7. N2c3 O-O 8.
Qd3 Nc6 9. Be3 Ng4 10. Be2 Nxe3 11. fxe3 f5 12. Nd2 e5 13. d5 e4 14. Qb5 Ne5
15. O-O-O Bd6 16. Qb3 Qg5 17. Nb5 Qxg2 18. Rde1 Qg6 19. Rhg1 Qh6 20. Rg2 Rf7
21. Kb1 a6 22. Nxd6 Qxd6 23. Reg1 b5 24. c4 c6 25. dxc6 Be6 26. Qc3 g6 27. h4
Rc8 28. Rd1 Nd3 29. h5 Rg7 30. hxg6 hxg6 31. Rh1 Kf7 32. Rf1 Qxc6 33. Bxd3 exd3
34. e4 Kg8 35. Rfg1 Bxc4 36. exf5 Bd5 37. Rxg6 Qxc3 38. bxc3 Rxg6 39. Rxg6+ Kf7
40. Rd6 Bc4 41. Nf3 Re8 42. Ng5+ Ke7 43. Ne4 Rh8 44. f6+ Kf7 45. Nf2 1/2-1/2

[Event "GBR-ch75"]
[Site "Blackpool"]
[Date "1988.08.10"]
[Round "9.10"]
[White "Orr, Mark JL"]
[Black "Hebden, Mark L"]
[Result "0-1"]
[WhiteElo "2365"]
[BlackElo "2460"]
[PlyCount "110"]
[EventDate "1988.08.01"]
[EventType "swiss"]
[EventRounds "11"]
[EventCountry "GBR"]
[SourceTitle "BritBase12Sep20"]
[Source "John Saunders"]
[SourceDate "2020.09.12"]
[SourceVersion "1"]
[SourceVersionDate "2020.09.12"]
[SourceQuality "1"]

1. d4 Nf6 2. Nf3 g6 3. Bf4 d6 4. e3 Bg7 5. h3 O-O 6. Be2 Nbd7 7. O-O Qe8 8. c4
e5 9. Bh2 Ne4 10. Qc2 f5 11. dxe5 dxe5 12. Nbd2 Nxd2 13. Nxd2 Qe7 14. Rac1 b6
15. Rfd1 a5 16. Nb1 Nc5 17. Nc3 Bb7 18. Nd5 Qf7 19. b3 Kh8 20. a3 f4 21. Kh1
Bc6 22. Bg1 Rad8 23. f3 a4 24. b4 Nb3 25. Rb1 fxe3 26. Bxe3 b5 27. Nxc7 Rxd1+
28. Rxd1 e4 29. f4 bxc4 30. Qxc4 Qxc7 31. b5 Na5 32. Qc2 g5 33. bxc6 gxf4 34.
Bd4 Qxc6 35. Bxg7+ Kxg7 36. Qxc6 Nxc6 37. Bb5 Ne5 38. Rd4 Rb8 39. Be2 Rb1+ 40.
Kh2 f3 41. gxf3 exf3 42. Ba6 Kf6 43. Rxa4 Kg5 44. Rb4 Rc1 45. a4 Rc2+ 46. Kg1
h5 47. Bb5 Ra2 48. Rd4 Ng6 49. Bc6 Nh4 50. Be4 Rb2 51. a5 Ra2 52. Rd5+ Kf4 53.
Rxh5 f2+ 54. Kf1 Kxe4 55. Rh8 Nf5 0-1

[Event "GBR-ch75"]
[Site "Blackpool"]
[Date "1988.08.10"]
[Round "9.11"]
[White "Gallagher, Joseph G"]
[Black "Bell, Stephen"]
[Result "1/2-1/2"]
[WhiteElo "2445"]
[BlackElo "2380"]
[PlyCount "51"]
[EventDate "1988.08.01"]
[EventType "swiss"]
[EventRounds "11"]
[EventCountry "GBR"]
[SourceTitle "BritBase12Sep20"]
[Source "John Saunders"]
[SourceDate "2020.09.12"]
[SourceVersion "1"]
[SourceVersionDate "2020.09.12"]
[SourceQuality "1"]

1. e4 d6 2. d4 Nf6 3. Nc3 g6 4. f4 Bg7 5. Nf3 O-O 6. e5 dxe5 7. dxe5 Qxd1+ 8.
Kxd1 Nh5 9. Bc4 Nc6 10. Be3 Bg4 11. Ke1 Bxf3 12. gxf3 e6 13. Kf2 Bh6 14. Ne2
Rfd8 15. Rhd1 Ne7 16. a4 a5 17. c3 Nf5 18. Bd3 Nxe3 19. Kxe3 Kf8 20. Be4 c6 21.
Rxd8+ Rxd8 22. b4 axb4 23. cxb4 f5 24. exf6 Nxf6 25. b5 cxb5 26. Bxb7 1/2-1/2

[Event "GBR-ch75"]
[Site "Blackpool"]
[Date "1988.08.10"]
[Round "9.12"]
[White "Cooper, John G"]
[Black "Arkell, Keith C"]
[Result "1-0"]
[WhiteElo "2380"]
[BlackElo "2430"]
[PlyCount "83"]
[EventDate "1988.08.01"]
[EventType "swiss"]
[EventRounds "11"]
[EventCountry "GBR"]
[SourceTitle "BritBase12Sep20"]
[Source "John Saunders"]
[SourceDate "2020.09.12"]
[SourceVersion "1"]
[SourceVersionDate "2020.09.12"]
[SourceQuality "1"]

1. d4 c5 2. d5 e5 3. e4 d6 4. Nf3 Be7 5. Be2 Bg4 6. Nfd2 Bxe2 7. Qxe2 Bg5 8.
O-O a6 9. a4 b6 10. Nc4 Bxc1 11. Rxc1 Ne7 12. Nbd2 O-O 13. c3 f5 14. b4 cxb4
15. cxb4 fxe4 16. Nxe4 Nf5 17. Qg4 h6 18. Ra3 Ra7 19. Rf3 Raf7 20. Rxf5 Rxf5
21. Ncxd6 Rf4 22. Qe6+ Kh7 23. g3 Rf3 24. Kg2 Qd7 25. b5 axb5 26. axb5 Qa7 27.
Rc8 Qa3 28. Rxf8 Rxf8 29. Nf7 Qd3 30. Qf5+ Kg8 31. Nf6+ gxf6 32. Nxh6+ Kg7 33.
Qxd3 Kxh6 34. Qf5 Rf7 35. Qe6 Kg7 36. Qg4+ Kh7 37. Qe6 Kg7 38. Qxb6 Nd7 39. Qe6
f5 40. h4 f4 41. gxf4 exf4 42. Kf3 1-0

[Event "GBR-ch75"]
[Site "Blackpool"]
[Date "1988.08.10"]
[Round "9.13"]
[White "Giulian, Philip Maurice"]
[Black "Dunnington, Angus J"]
[Result "1/2-1/2"]
[WhiteElo "2265"]
[BlackElo "2280"]
[PlyCount "25"]
[EventDate "1988.08.01"]
[EventType "swiss"]
[EventRounds "11"]
[EventCountry "GBR"]
[SourceTitle "BritBase12Sep20"]
[Source "John Saunders"]
[SourceDate "2020.09.12"]
[SourceVersion "1"]
[SourceVersionDate "2020.09.12"]
[SourceQuality "1"]

1. d4 d5 2. c4 e6 3. Nc3 Bb4 4. e3 Nf6 5. cxd5 exd5 6. Bd3 O-O 7. Nge2 Nc6 8.
O-O Bd6 9. a3 Ne7 10. Nb5 Bf5 11. Nxd6 Qxd6 12. Ng3 Bxd3 13. Qxd3 1/2-1/2

[Event "GBR-ch75"]
[Site "Blackpool"]
[Date "1988.08.10"]
[Round "9.13"]
[White "Howell, James C"]
[Black "Mortazavi, Ali"]
[Result "1/2-1/2"]
[WhiteElo "2420"]
[BlackElo "2290"]
[PlyCount "119"]
[EventDate "1988.08.01"]
[EventType "swiss"]
[EventRounds "11"]
[EventCountry "GBR"]
[SourceTitle "BritBase12Sep20"]
[Source "John Saunders"]
[SourceDate "2020.09.12"]
[SourceVersion "1"]
[SourceVersionDate "2020.09.12"]
[SourceQuality "1"]

1. e4 e6 2. d4 d5 3. Nd2 Nf6 4. e5 Nfd7 5. Bd3 c5 6. c3 Nc6 7. Ne2 cxd4 8. cxd4
f6 9. exf6 Nxf6 10. Nf3 Bd6 11. O-O Qc7 12. Bg5 O-O 13. Bh4 e5 14. dxe5 Nxe5
15. Nxe5 Bxe5 16. Bg3 Kh8 17. Rc1 Qd6 18. Qa4 Bxg3 19. hxg3 Bd7 20. Qf4 Qe7 21.
Qd4 Ng4 22. Nf4 Rae8 23. Nxd5 Qg5 24. Ne3 Nxe3 25. fxe3 Bc6 26. Rxf8+ Rxf8 27.
Rf1 Re8 28. Qf4 Qxf4 29. exf4 Re3 30. Rd1 Rxg3 31. Be4 g5 32. Bxc6 bxc6 33.
Rd8+ Kg7 34. fxg5 Rxg5 35. Rd7+ Kg6 36. Rxa7 Rc5 37. Kh2 Rc2 38. Rb7 c5 39. a4
c4 40. a5 c3 41. bxc3 Rxc3 42. a6 Ra3 43. a7 h5 44. Kg1 Ra2 45. Kf1 Kg5 46. Ke1
Kh4 47. Rh7 Kg4 48. Rc7 Kg3 49. Rg7+ Kh4 50. Rd7 Kg3 51. Rd3+ Kg4 52. Rd4+ Kg3
53. Rd7 Ra1+ 54. Ke2 Kxg2 55. Rg7+ Kh3 56. Kf3 h4 57. Rg1 Ra3+ 58. Kf4 Rxa7 59.
Rh1+ Kg2 60. Rxh4 1/2-1/2